| 000 | 00838pam a2200241 a 4500 | ||
|---|---|---|---|
| 001 | 3489057 | ||
| 005 | 20171226035908.0 | ||
| 008 | 941026s1995 njua b 001 0 eng c | ||
| 010 | _a 94042786 | ||
| 020 | _a089303035X | ||
| 040 |
_aDNLM/DLC _cDLC _dDLC |
||
| 041 | _aeng | ||
| 060 | 1 | 0 | _aWX 215 B3115 1995 |
| 080 | _a617.1026 CAM | ||
| 082 | 0 | 0 |
_a617.1026 CAM _220 |
| 100 | _a2 | ||
| 101 | _aINF | ||
| 245 | 0 | 0 |
_aBasic trauma life support for paramedics and advanced EMS providers / _cedited by John Emory Campbell ; Alabama Chapter, American College of Emergency Physicians. |
| 504 | _aIncludes bibliographical references and index. | ||
| 906 |
_a7 _bcbc _corignew _d1 _eocip _f19 _gy-gencatlg |
||
| 942 |
_2ddc _cBK |
||
| 999 |
_c39372 _d39372 |
||